Greenhouse Gas Inventory Preparation Workshop: (Record no. 332210)

000 -LEADER
fixed length control field nam a22 7a 4500
003 - CONTROL NUMBER IDENTIFIER
control field NUST
005 - DATE AND TIME OF LATEST TRANSACTION
control field 20171120110553.0
008 - FIXED-LENGTH DATA ELEMENTS--GENERAL INFORMATION
fixed length control field 171120b xxu||||| |||| 00| 0 eng d
040 ## - CATALOGING SOURCE
Transcribing agency 0
082 ## - DEWEY DECIMAL CLASSIFICATION NUMBER
Classification number 631.583 GTZ
245 ## - TITLE STATEMENT
Title Greenhouse Gas Inventory Preparation Workshop:
Remainder of title Asia least-cost Greenhouse gas abatement strategy
260 ## - PUBLICATION, DISTRIBUTION, ETC.
Place of publication, distribution, etc. Islamabad
Name of publisher, distributor, etc. GHG Inventory
Date of publication, distribution, etc. 1996.
300 ## - PHYSICAL DESCRIPTION
Extent Various pages
500 ## - GENERAL NOTE
General note P.B
942 ## - ADDED ENTRY ELEMENTS (KOHA)
Source of classification or shelving scheme
Koha item type Book
Call number prefix IESE
Holdings
Withdrawn status Lost status Source of classification or shelving scheme Damaged status Not for loan Collection code Permanent Location Current Location Shelving location Date acquired Total Checkouts Full call number Barcode Date last seen Price effective from Koha item type
            Institute of Environmental Science and Engineering (IESE) Institute of Environmental Science and Engineering (IESE) General Stacks 11/20/2017   631.583 GTZ IESE-684 11/20/2017 11/20/2017 Book
© 2023 Central Library, National University of Sciences and Technology. All Rights Reserved.